000 00705cam a22002653a 4500
001 533
003 PGUSA
005 20140828082949.0
008 960501s1996||||xxu|||||s|||||000 | eng d
040 _aPGUSA
_beng
042 _adc
050 4 _aPS
050 4 _aQL
100 1 _aStratton-Porter, Gene,
_d1863-1924
245 1 4 _aThe Song of the Cardinal
_h[electronic resource] /
_cGene Stratton-Porter
260 _bProject Gutenberg,
_c1996
506 _aPublic domain in the USA.
516 _aElectronic text
653 _aNature study
653 _aCardinals (Birds)
653 _aBirds
830 0 _aProject Gutenberg
_v533
856 4 0 _uhttp://www.gutenberg.org/ebooks/533
942 _cEB
999 _c229884
_d229884